书目信息 |
| 题名: |
材料工艺中的现代物理技术
|
|
| 作者: | 马维 , 韦伯斯特 主编 ;韩大星 译 | |
| 分册: | ||
| 出版信息: | 北京 科学出版社 1984.10 |
|
| 页数: | 372页 | |
| 开本: | 20cm | |
| 丛书名: | ||
| 单 册: | ||
| 中图分类: | TB302.1 | |
| 科图分类: | ||
| 主题词: | 工程材料 | |
| 电子资源: | ||
| ISBN: | ||
| 000 | 00660nam0 2200217 45 | |
| 001 | 0312221749 | |
| 005 | 20031222170908.4 | |
| 010 | @dCNY1.85 | |
| 100 | @a20031222d1984 km y0chiy0120 ea | |
| 101 | @achi | |
| 105 | @a z 000yy | |
| 200 | 1 | @a材料工艺中的现代物理技术@ACai Liao Gong Yi Zhong De Xian Dai Wu Li Ji Shu@f(英)马维,韦伯斯特主编@F(Ying)Ma Wei,Wei Bo Si Te Zhu Bian@g韩大星等译 |
| 210 | @a北京@c科学出版社@d1984.10 | |
| 215 | @a372页@d20cm | |
| 606 | 0 | @a工程材料 |
| 690 | @aTB302.1@v3 | |
| 701 | 0 | @a马维@4主编 |
| 701 | 0 | @a韦伯斯特@4主编 |
| 702 | 0 | @a韩大星@4译 |
| 801 | @aCN@bTSTCL@c20031222 | |
| 905 | @a213230@dTB302.1@e75@b126789-790@f2 | |
| 材料工艺中的现代物理技术/(英)马维,韦伯斯特主编/韩大星等译.-北京:科学出版社,1984.10 |
| 372页;20cm |
| ISBN :CNY1.85 |
| ● |
| 相关链接 |
|
|
|
|
正题名:材料工艺中的现代物理技术
索取号:TB302.1/75
 
预约/预借
| 序号 | 登录号 | 条形码 | 馆藏地/架位号 | 状态 | 备注 |
| 1 | 0126789 | 001358998 | 密集书库/ [索取号:TB302.1/75] | 在馆 | |
| 2 | 0126790 | 001359032 | 第二样本阅览室/ [索取号:TB302.1/75] | 在馆 |